Statistics for All Primeira Liga (Portugal) Teams

Click here to take the quiz!

General Stats

  • This quiz has been taken 180 times
  • The average score is 35 of 71

Answer Stats

Answer% Correct
Porto
99%
Benfica
98%
Sporting
98%
Sporting da Covilhã
98%
Sporting de Espinho
98%
Braga
97%
Boavista
82%
Belenenses
80%
Marítimo
79%
Portimonense
77%
Académica de Coimbra
75%
Arouca
75%
Vitória de Guimarães
74%
Estoril
72%
Santa Clara
72%
Desportivo das Aves
71%
Nacional
71%
Farense
70%
Rio Ave
69%
Famalicão
68%
Tondela
68%
Desportivo de Chaves
67%
Paços de Ferreira
67%
Vitória de Setúbal
67%
Moreirense
64%
Estrela da Amadora
62%
Gil Vicente
62%
Leixões
59%
Vizela
58%
Casa Pia
57%
Académico do Porto
55%
Beira-Mar
55%
Olhanense
55%
Feirense
54%
União de Leiria
54%
Penafiel
50%
União da Madeira
45%
Atlético CP
44%
Naval 1º de Maio
40%
Varzim
40%
Académico de Viseu
39%
Barreirense
39%
B-SAD
39%
Alverca
38%
Oliveirense
37%
Campomaiorense
35%
Torreense
33%
Trofense
33%
CUF Barreiro
32%
Lusitano VRSA
32%
Salgueiros
32%
Fafe
31%
Amora
25%
Felgueiras
25%
Oriental
24%
Tirsense
23%
Sanjoanense
22%
Carcavelinhos
20%
Caldas
19%
Leça
19%
Unidos de Lisboa
19%
Águeda
18%
Riopele
18%
União de Tomar
18%
União de Coimbra
17%
O Elvas
14%
União de Lisboa
14%
Seixal
13%
Montijo
12%
Alcobaça
11%
Lusitano de Évora
8%

Score Distribution

Percentile by Number Answered

Percent of People with Each Score

Your Score History

You have not taken this quiz